000 00620nam a2200229Ia 4500
003 OSt
005 20221007082001.0
006 a|||||r|||| 00| 0
007 ta
008 221006b |||||||| |||| 00| 0 eng d
024 _a28,790
037 _cTextual
040 _aFLL
_cFLL
_beng
041 _2eng
_aeng
082 _aZ80aY, M0
100 _aTomasic Roman
_9336672
245 0 _aLegislation and society in Australia
260 _aSydney
_bThe Law Foundation of New South Wales Sydney
_c1980
300 _a420p
_ccm.
942 _hZ80aY, M0
_cTEXL
_2CC
999 _c1164948
_d1164948